000
00247nam a2200109Ia 4500
008
220204s9999 xx 000 0 und d
082
_a
82-3
_b
REY
100
_a
Rey, Pierre
245
4
_a
The Widow
260
_a
New York
_b
Berkley
_c
1978
942
_c
BK
999
_c
33507
_d
33507